=LDR 00000nam 2200000 4500 =001 INLIS000000000022600 =005 20200713080723 =035 ##$$a 0010-061300000022600 =008 200713################g##########0#ind## =041 ##$$a Ind =082 ##$$a 2x5.1 =090 ##$$a 2x5.1, Fik k =100 1#$$a Fikri, Ali =245 1#$$a Kepada putri-putriku, menanamkan akhlak karimah dalam jiwa putri muslimah, /$c Prof. Dr. Ali Fikri =260 ##$$a Jakarta :$b Mitra Pustaka,$c 1999 =300 ##$$a xvii, 253 hlm, ; $c 12x21 cm =650 #4$$a Akhlak =850 ##$$a NBPNMAT =084 ##$$a 2x5.1 FIK k =250 ##$$a cet.1 =990 ##$$a 154.922/Proo.2000 =990 ##$$a 154924/Pro.2000 =990 ##$$a DW00026897 =990 ##$$a 154.94 pro. 2000